000 00735nmm a2200253 a 4500
003 AR-BaBNM
005 20251128211157.0
008 173020s1998 ||||||||||||||000 | spa||
020 _a911173
040 _cAR-BaBNM
100 1 _aCairo, Horacio O.
245 1 0 _aCapacitación y resultados
_blo tan obvio en capacitación y desarrollo: hacia la organización autoaprendiente
260 _aBuenos Aires
_bEdiciones DESA
_c1998
300 0 _a258 p.
504 _aContiene bibliografía sugerida p. 257-258
650 4 _aEMPRESAS
650 4 _aADMINISTRACION DE EMPRESAS
650 4 _aRECURSOS HUMANOS
650 4 _aEMPRESARIOS
650 4 _aEVALUACION
653 0 _aCAPACITACION LABORAL
942 _cBK
998 _craquel
999 _c18587
_d18587